Länder, die an Deutschland grenzen - Sudden Death - Statistiken

Allgemein
  • Dieses Quiz wurde 635 mal gespielt
  • Das Durchschnittsergebnis liegt bei 8 aus 9
Answers on the Grid
Answers color-coded by a green-red scale on the quiz's grid according to % correct below.
Belgien
Dänemark
Frankreich
Italien
Liechenstein
Luxemburg
Niederlande
Norwegen
Österreich
Polen
Russland
Schweden
Schweiz
Slowakei
Spanien
Tschechien
 
Antwortstatistiken
Antwort % Korrekt
Österreich
90%
Dänemark
89%
Niederlande
89%
Polen
89%
Schweiz
88%
Belgien
87%
Frankreich
87%
Luxemburg
87%
Tschechien
85%
Keine übereinstimmenden Quizze gefunden
Verteilung der Resultate
Anzahl Personen mit jedem Resultat
Perzentil nach korrekt beantworteten Fragen
Ihre Resultats-Entwicklung
Sie haben dieses Quiz noch nicht gespielt